| 000 | 00814nam a22001817a 4500 | ||
|---|---|---|---|
| 005 | 20100709111925.0 | ||
| 010 | _aHIN-89632 | ||
| 020 |
_a8188267864 _c150.00 |
||
| 035 | _aHN-61978 | ||
| 037 | _bDBAD / PUB | ||
| 100 |
_aगांधी, महात्मा _930631 |
||
| 245 |
_aसुनो विद्यार्थियो / _cमहात्मा गांधी |
||
| 260 |
_aनई दिल्ली _bग्रंथ अकादमी _c2010 |
||
| 270 |
_a1659, पुराना दरियागंज _bनई दिल्ली _e110002 |
||
| 300 |
_a128पृ _c22सेमी (सजिल्द) |
||
| 942 |
_2ddc _cHN _mगांधीम |
||
| 999 |
_c36844 _d36844 |
||